Growth and Development of the IT Industry in Bangalore and Singapore (Record no. 345977)

000 -LEADER
fixed length control field 00436 a2200157 4500
020 ## - INTERNATIONAL STANDARD BOOK NUMBER
International Standard Book Number 9788120723566
022 ## - INTERNATIONAL STANDARD SERIAL NUMBER
International Standard Serial Number 8120723562
082 ## - DEWEY DECIMAL CLASSIFICATION NUMBER
Classification number 338.47004
090 ## - LOCALLY ASSIGNED LC-TYPE CALL NUMBER (OCLC); LOCAL CALL NUMBER (RLIN)
-- 3501
-- 3501
100 ## - MAIN ENTRY--PERSONAL NAME
Personal name Yue,Chia Siow
245 ## - TITLE STATEMENT
Title Growth and Development of the IT Industry in Bangalore and Singapore
Statement of responsibility, etc. Chia Siow Yue
260 ## - PUBLICATION, DISTRIBUTION, ETC.
Place of publication, distribution, etc. New Delhi
Name of publisher, distributor, etc. Sterling Publishers
Date of publication, distribution, etc. 2001
300 ## - PHYSICAL DESCRIPTION
Extent 88p
500 ## - GENERAL NOTE
General note Hard cover
942 ## - ADDED ENTRY ELEMENTS (KOHA)
Institution code [OBSOLETE] NBS
Koha item type Book
Call number prefix 338.47004 GRO
Holdings
Withdrawn status Lost status Damaged status Not for loan Permanent Location Current Location Date acquired Total Checkouts Full call number Barcode Date last seen Date last checked out Price effective from Koha item type
        Central Library (CL) Central Library (CL) 08/28/2013 1 338.47004 GRO NBS4881 11/22/2017 08/09/2017 08/28/2013 Book
© 2023 Central Library, National University of Sciences and Technology. All Rights Reserved.